Introducción al estudio del trabajo

Guardado en:
Detalles Bibliográficos
Autores Corporativos: OIT (Autor), Oficina Internacional del Trabajo (Autor)
Formato: Libro
Lenguaje:español
Publicado: Ginebra OIT 1980
Edición:3a. ed
Materias:
Etiquetas: Agregar Etiqueta
Sin Etiquetas, Sea el primero en etiquetar este registro!

MARC

LEADER 00000nam a2200000 a 4500
001 UCR9302
003 CL-VaPUC
008 980613e19800000SZ |||||||||||||||||spa|d
082 0 4 |a 331  |b OIT  |2 21 
110 2 |a OIT  |e author  |9 411672 
710 2 |a Oficina Internacional del Trabajo  |e author  |9 411673 
245 1 0 |a Introducción al estudio del trabajo 
250 |a 3a. ed 
300 |a 451 p 
942 |c BK 
945 |d 19980613 00:00:00  |a crobeson 
260 |a Ginebra  |b OIT  |c 1980 
650 0 |a Trabajo  |9 313876 
650 7 |a ECONOMIA DEL TRABAJO  |2 CL-VaPUC  |9 320317 
650 0 |a Trabajo y empleo  |9 315054 
650 0 |a Productividad   |9 335972 
650 0 |a Empresa  |9 350507 
583 |a last modification  |c 19980613 00:00:00  |k Rodrigo Vera 
999 |c 270502  |d 270500 
952 |0 0  |1 0  |4 0  |6 331_000000000000000_OIT_1980  |7 0  |8 A  |9 304818  |a BIBGIM  |b BIBGIM  |d 2019-11-20  |i 1409832  |o 331 OIT 1980  |p 1409832  |r 2025-01-15  |w 2019-11-20  |y BK  |k SSL